[Event "23rd World Seniors 2013"]
[Site "Opatija CRO"]
[Date "2013.11.13"]
[Round "2.58"]
[White "Pushkov,N"]
[Black "Zybura,Andre"]
[Result "1-0"]
[WhiteElo "2371"]
[BlackElo "1990"]

1.Nf3 Nf6 2.c4 c5 3.Nc3 g6 4.e4 Bg7 5.d4 cxd4 6.Nxd4 O-O 7.Be2 d6 8.O-O Nc6
9.Be3 Nd7 10.Rc1 Nxd4 11.Bxd4 Bxd4 12.Qxd4 Qb6 13.Qd2 Nf6 14.Kh1 Bg4 15.Bxg4 Nxg4
16.Nd5 Qd8 17.h3 Ne5 18.f4 Nd7 19.f5 Kg7 20.Qd4+ f6 21.Nf4 Qa5 22.Ne6+ Kh8
23.Nxf8 Rxf8 24.a3 g5 25.b4 Qxa3 26.c5 Ne5 27.cxd6 exd6 28.Qxd6 Rf7 29.Rc7 Kg7
30.Rfc1 Qe3 31.Rxf7+ Nxf7 32.Rc7 Qf2 33.Rxb7 g4 34.Kh2 h5 35.Qg3 Qe2 36.hxg4 hxg4
37.Qc7 Kh6 38.Qxf7  1-0

[Event "23rd World Seniors 2013"]
[Site "Opatija CRO"]
[Date "2013.11.15"]
[Round "4.66"]
[White "Green,Per"]
[Black "Markovic,L"]
[Result "1/2-1/2"]
[WhiteElo "1990"]
[BlackElo "2172"]

1.Nf3 Nf6 2.c4 c5 3.Nc3 g6 4.e4 d6 5.d4 cxd4 6.Nxd4 Bg7 7.Be2 O-O 8.Be3 Nbd7
9.O-O Ne5 10.f3 Bd7 11.Qd2 Rc8 12.b3 a6 13.Rfc1 Nc6  1/2-1/2

[Event "4th Brno Open 2013"]
[Site "Brno CZE"]
[Date "2013.11.17"]
[Round "3.28"]
[White "Baraniuk,Andrej"]
[Black "Koci,Tereza"]
[Result "1-0"]
[WhiteElo "1673"]
[BlackElo "1439"]

1.Nf3 c5 2.c4 Nf6 3.Nc3 e6 4.e4 d6 5.d4 cxd4 6.Nxd4 a6 7.Be2 Nbd7 8.O-O Be7
9.Be3 Qc7 10.Rc1 O-O 11.h3 Nc5 12.Qc2 b6 13.b4 Ncd7 14.f4 Bb7 15.Bd3 h6 16.Qf2 Kh8
17.Rc2 Rac8 18.Rfc1 Kg8 19.Qg3 Nh5 20.Qg4 Nhf6 21.Qg3 Nh5 22.Qf2 Nhf6 23.f5 e5
24.Nb3 Ba8 25.Nd5 Bxd5 26.cxd5 Qb7 27.Rc6 b5 28.Qc2 Ra8 29.Rc7 Qb8 30.Qc6 Rd8
31.Na5 Kf8 32.Nb7 Re8 33.Nxd6 Bxd6 34.Qxd6+ Kg8 35.Qc6 Rd8 36.g4 Nf8 37.g5 Ne8
38.Rb7 Qd6 39.a3 Qxc6 40.Rxc6 Rdc8 41.Rbb6 Nc7 42.gxh6  1-0

[Event "23rd World Seniors 2013"]
[Site "Opatija CRO"]
[Date "2013.11.20"]
[Round "8.53"]
[White "Stull,N"]
[Black "Valenti,G"]
[Result "1/2-1/2"]
[WhiteElo "2075"]
[BlackElo "2182"]

1.c4 e6 2.Nc3 c5 3.Nf3 Nf6 4.e3 Be7 5.d4 O-O 6.Bd3 d5 7.O-O a6 8.b3 Nc6 9.Bb2 b6
10.cxd5 exd5 11.Ne5 Bb7 12.Nxc6 Bxc6 13.Ne2 Bd6 14.Ng3 g6 15.Rc1 Qe7 16.Qe2 Bb7
17.Rfd1 Rfe8 18.a4 a5 19.Rc2 Rec8 20.Rdc1 h5 21.dxc5 bxc5 22.Nf1 Ng4 23.h3 Ne5
24.Nd2 Nc6 25.Ba3 Nb4 26.Bxb4 axb4 27.e4 Bf4 28.exd5 Qxe2 29.Bxe2 Bxd5 30.Rxc5 Rd8
31.R1c2 Bxd2 32.Rxd2 Bxb3 33.Rb2 Bxa4 34.Rxb4  1/2-1/2

[Event "ch-VIE 2013"]
[Site "Ho Chi Minh City VIE"]
[Date "2013.11.21"]
[Round "4.1"]
[White "Vo Thanh Ninh"]
[Black "Nguyen Van Huy"]
[Result "1/2-1/2"]
[WhiteElo "2294"]
[BlackElo "2427"]

1.c4 Nf6 2.Nf3 c5 3.Nc3 g6 4.e3 Bg7 5.d4 cxd4 6.Nxd4 O-O 7.Be2 Nc6 8.O-O d6
9.b3 Nxd4 10.exd4 d5 11.Be3 b6 12.Rc1 Bb7 13.Qd2 Qd7 14.Bg5 e6 15.Bxf6 Bxf6
16.cxd5 Bxd5 17.Nxd5 exd5 18.Bf3 Qd6 19.Qd3 Rac8 20.Qb5 Bxd4 21.Qxd5 Qxd5
22.Bxd5 Rxc1 23.Rxc1 Rd8 24.Bc4 Bc5 25.Rc2 Rd1+ 26.Bf1 Kg7 27.g3 a5 28.Kg2 h5
29.Be2 Rd6 30.h4 Rd4 31.Bc4 Rd6 32.a4  1/2-1/2

[Event "23rd World Seniors 2013"]
[Site "Opatija CRO"]
[Date "2013.11.21"]
[Round "9.14"]
[White "Titz,Hei"]
[Black "Shvedchikov,A"]
[Result "0-1"]
[WhiteElo "2174"]
[BlackElo "2363"]

1.Nf3 Nf6 2.c4 c5 3.Nc3 g6 4.g3 Bg7 5.Bg2 O-O 6.O-O d5 7.cxd5 Nxd5 8.Nxd5 Qxd5
9.d3 Nc6 10.Be3 Qd6 11.Rc1 Nd4 12.Nd2 Bg4 13.Re1 Qb6 14.Nc4 Qa6 15.a4 Rad8
16.Bxd4 Bxd4 17.Qb3 b6 18.Qc2 Bd7 19.b3 Qc8 20.e3 Bg7 21.Qe2 Bg4 22.Qf1 Qc7
23.h3 Be6 24.d4 cxd4 25.exd4 Rxd4 26.Ne5 Qd6 27.Rc6 Qb4 28.Rc7 Bxe5 29.Rxe5 Qd6
30.Rxe6 fxe6 31.Rc6 Rd1  0-1

[Event "23rd World Seniors 2013"]
[Site "Opatija CRO"]
[Date "2013.11.21"]
[Round "9.46"]
[White "Hess,C1"]
[Black "Tsomaia,Sergo"]
[Result "0-1"]
[WhiteElo "2285"]
[BlackElo "1859"]

1.Nf3 Nf6 2.c4 c5 3.Nc3 d5 4.cxd5 Nxd5 5.e3 Nc6 6.Bb5 Nb4 7.d4 a6 8.Bxc6+ Nxc6
9.d5 Na5 10.e4 g6 11.Be3 b6 12.O-O Bg7 13.Qc1 O-O 14.Bh6 Re8 15.Bxg7 Kxg7
16.Qf4 Ra7 17.Rad1 f6 18.Rfe1 Nc4 19.b3 Nd6 20.e5 Nf7 21.h3 Rf8 22.g4 g5
23.Qe3 Nh8 24.d6 exd6 25.Rxd6 Rd7 26.Rxd7+ Qxd7 27.exf6+ Rxf6 28.Qxg5+ Ng6
29.Nd5 Re6 30.Rxe6 Qxe6 31.Nf4 Qe4 32.Nh5+ Kf7 33.Qf6+ Ke8 34.Qc3 Kd8 35.Nf6 Qb1+
36.Kh2 Qxa2 37.Qd3+ Kc7 38.Nd5+ Kb7 39.Kg3 Ka7 40.Ng5 Bb7 41.Nf3 Qb2 42.Qc3 Qe2
43.Qe3 Qd1 44.Nf4 Qd6 45.h4 a5 46.h5 Ne7 47.Nd2 h6 48.Nc4 Qf6 49.Qe6 Qxe6
50.Nxe6 a4 51.Na3 axb3 52.f4 c4 53.Nd4 Ng8 54.Kh4  0-1

[Event "23rd World Seniors 2013"]
[Site "Opatija CRO"]
[Date "2013.11.22"]
[Round "10.22"]
[White "Jorgensen,J"]
[Black "Vrhovnik,D"]
[Result "1/2-1/2"]
[WhiteElo "2257"]
[BlackElo "2108"]

1.Nf3 Nf6 2.c4 c5 3.Nc3 g6 4.d4 cxd4 5.Nxd4 Bg7 6.e4 d6 7.Be2 Nc6 8.Be3 O-O
9.O-O Bd7 10.Rb1 Nxd4 11.Bxd4 Bc6 12.f3 a5 13.Qd2 Nd7 14.Be3 Nc5 15.b3 Qb6
16.Nd5 Bxd5 17.exd5 Qb4 18.Qd1 a4 19.Bd2 Qb6 20.Kh1 axb3 21.axb3 Ra2 22.b4 Nd7
23.c5 dxc5 24.bxc5 Qc7 25.Bc4 Raa8 26.c6 bxc6 27.dxc6 Qxc6 28.Bb5 Qb7 29.Qe2 Bf6
30.Rfc1 Rab8 31.Bf4 e5 32.Bh6 Rfd8 33.Qa2 Nf8 34.Bc4 Qe7 35.Bd5 Rxb1 36.Rxb1 Qd7
37.Bxf8 Qxd5 38.Qxd5 Rxd5 39.Bh6 Rd8 40.Kg1 Bg7 41.Bg5 f6 42.Be3 Rd7 43.Ra1 Kf7
44.Ra7 Rxa7 45.Bxa7 Ke6 46.Kf1 h5 47.Ke2 Kd5 48.Bb6 f5 49.h3 Bf8 50.Bd8 Bc5
51.Bg5 e4 52.Bf4 Be7 53.Bd2 g5 54.Bc3 f4 55.fxe4+ Kxe4 56.Ba5 Bc5 57.Bd8 g4
58.hxg4 hxg4 59.Bc7 Bd4 60.Bd6 Kf5 61.Bc7 Kg5 62.Bd8+ Bf6 63.Bc7 Kf5 64.Bd6 Bg5
65.Bc7 Kg6 66.Ba5 Kh5 67.Bb4 Kg6 68.Bc5 Kf5 69.Bb6 Ke4 70.Bc5 Bf6 71.Bb6 Bd4
72.Bc7 Be3 73.Bd6  1/2-1/2

[Event "23rd World Seniors 2013"]
[Site "Opatija CRO"]
[Date "2013.11.22"]
[Round "10.8"]
[White "Piasetski,L"]
[Black "Rogulj,B"]
[Result "0-1"]
[WhiteElo "2288"]
[BlackElo "2420"]

1.Nf3 Nf6 2.c4 c5 3.Nc3 d5 4.cxd5 Nxd5 5.e4 Nb4 6.Bc4 e6 7.d4 cxd4 8.Nb5 a6
9.Nbxd4 N8c6 10.Nb3 b5 11.Be2 Qxd1+ 12.Kxd1 Bb7 13.Be3 Rd8+ 14.Nfd2 Ne5 15.Bd4 Nc4
16.Bxc4 bxc4 17.Bb6 cxb3 18.Bxd8 Kxd8 19.axb3 f5 20.f3 Bc6 21.exf5 exf5 22.Nc4 Kc7
23.Re1 Bc5 24.Re5 Rd8+ 25.Ke2 Rd5 26.Rxd5 Bxd5 27.Rc1 Nc6 28.Kd3 Be7 29.Ne5 Bf6
30.Nxc6 Bxc6 31.Kc2 Be5 32.Re1 Kd6 33.Rd1+ Kc5 34.Re1 Kd6 35.Rd1+ Ke6 36.Re1 Kf6
37.Rf1 Bxh2 38.Rh1 Bg3 39.Rxh7 Bb5 40.Rh1 Kg5 41.Rd1 Bf2 42.Rd5 Kf4 43.Rd6 g5
44.Rf6 Bg3 45.Rd6 Bf1 46.Rd2 Ke3 47.Rd5 Bxg2 48.Rxf5 Bf4  0-1

[Event "23rd World Seniors 2013"]
[Site "Opatija CRO"]
[Date "2013.11.23"]
[Round "11.14"]
[White "Vokoun,J"]
[Black "Chernov,Evgen"]
[Result "1-0"]
[WhiteElo "2185"]
[BlackElo "2325"]

1.Nf3 Nf6 2.c4 c5 3.Nc3 e6 4.g3 b6 5.Bg2 Bb7 6.O-O Be7 7.b3 O-O 8.d4 cxd4
9.Qxd4 d6 10.Rd1 a6 11.Ba3 Ne8 12.Qd3 Ra7 13.Ne4 Ba8 14.Nd4 Nd7 15.Qe3 Qb8
16.Bb2 Nef6 17.Rab1 Rc7 18.Nc2 d5 19.Nxf6+ Bxf6 20.Nb4 d4 21.Bxd4 Bxd4 22.Rxd4 Nc5
23.Bxa8 Qxa8 24.Rbd1 h6 25.Nd3 a5 26.Ne5 Re8 27.f3 f6 28.Ng6 Qc8 29.Rd6 Kf7
30.Nf4 Rc6 31.Qd2 g5 32.Ng2 Re7 33.Qc2 Kg7 34.h4 Nb7 35.R6d2 b5 36.hxg5 hxg5
37.Ne3 Qc7 38.Kg2 Qe5 39.Ng4 Qf5 40.Qc3 b4 41.Qb2 Nc5 42.Rd8 Ne4 43.Rg8+  1-0

[Event "23rd World Seniors 2013"]
[Site "Opatija CRO"]
[Date "2013.11.23"]
[Round "11.51"]
[White "Christiansen,A"]
[Black "Schouten,N"]
[Result "1/2-1/2"]
[WhiteElo "2117"]
[BlackElo "2201"]

1.c4 c5 2.Nc3 Nf6 3.Nf3 g6 4.g3 Bg7 5.Bg2 O-O 6.O-O d6 7.d4 Na6 8.d5 Nc7
9.Re1 a6 10.a4 e5 11.e4 b6 12.Rf1 Nh5 13.Ne1 f5 14.exf5 Bxf5 15.f3 Bd7 16.Ne4 Ne8
17.Nd3 Qc8 18.Bg5 Nhf6 19.Ndf2 Ra7 20.Qd2 Rb7 21.Rfc1 Nxe4 22.Nxe4 Bh3 23.Ra3 Bxg2
24.Kxg2 Rbf7 25.Rf1 a5 26.Rd3 Qd7 27.b3 Nc7 28.Qe2 h6 29.Bd2 Ne8 30.Bc1 Kh7
31.Qe3 Nf6 32.Nxf6+ Rxf6 33.Qe4 Kg8 34.Re1 Qf7 35.Re2 g5  1/2-1/2

[Event "TCh-CZE Vychod 2013-14"]
[Site "Czech Rep CZE"]
[Date "2013.11.24"]
[Round "3.5"]
[White "Strasil,P"]
[Black "Kubos,R"]
[Result "1-0"]
[WhiteElo "2121"]
[BlackElo "2199"]

1.c4 Nf6 2.Nc3 c5 3.Nf3 e6 4.d4 cxd4 5.Nxd4 a6 6.a3 b6 7.e4 Qc7 8.Be3 Bb7
9.Bd3 Be7 10.O-O O-O 11.Rc1 d6 12.b4 Nbd7 13.f4 Rfe8 14.Kh1 Bf8 15.Bg1 Rac8
16.Nf3 Qb8 17.Qe2 Qa8 18.e5 dxe5 19.fxe5 Ng4 20.Be4 Bxe4 21.Nxe4 Qb8 22.h3 Ngxe5
23.Bh2 f6 24.Nxe5 Nxe5 25.Rxf6 Bd6 26.Nxd6 gxf6 27.Bxe5 fxe5 28.Qg4+ Kf8
29.Rf1+ Ke7 30.Qg7+  1-0

[Event "UT Dallas IM Inv 2013"]
[Site "Dallas USA"]
[Date "2013.11.24"]
[Round "5.4"]
[White "Lenderman,A"]
[Black "Gelashvili,T"]
[Result "1/2-1/2"]
[WhiteElo "2537"]
[BlackElo "2590"]

1.c4 Nf6 2.Nf3 c5 3.Nc3 g6 4.d4 cxd4 5.Nxd4 Nc6 6.e4 d6 7.Be2 Nxd4 8.Qxd4 Bg7
9.Be3 O-O 10.Qd2 a5 11.f3 a4 12.Rc1 Qa5 13.Rc2 Be6 14.Nd5 Bxd5 15.cxd5 Nd7
16.Qxa5 Rxa5 17.O-O Nc5 18.Rb1 b5 19.Bd2 Ra6 20.Bxb5 Rb6 21.Bc4 Rfb8 22.Bc1 Bd4+
23.Kf1 Kg7 24.g3 h6 25.Kg2 R6b7 26.h4 Rb6 27.g4 R6b7 28.Kg3 Kh7 29.g5 hxg5
30.hxg5 Kg8 31.Kg2 Rb6 32.Kf1 R6b7 33.Ke2 Rb6 34.Kd1 Kg7 35.Ke2 Kg8 36.Kd1 Kg7  1/2-1/2

[Event "5th Pilsen Open 2013"]
[Site "Plzen CZE"]
[Date "2013.11.27"]
[Round "4"]
[White "Stengl,Jaroslav"]
[Black "Jurek,J"]
[Result "0-1"]
[WhiteElo "1999"]
[BlackElo "2277"]

1.c4 Nf6 2.Nc3 c5 3.Nf3 e6 4.d4 cxd4 5.Nxd4 a6 6.Bg5 Be7 7.e3 d6 8.Be2 O-O
9.O-O Nbd7 10.Rc1 Re8 11.Qc2 Qc7 12.Rfd1 b6 13.Bf3 Bb7 14.Bxf6 Nxf6 15.Ne4 Nd7
16.Nd2 Rac8 17.b3 Bxf3 18.N2xf3 Qb7 19.Qe2 Nf6 20.Nd2 d5 21.Qf3 Bb4 22.Nb1 Bc5
23.Ne2 Qe7 24.cxd5 Nxd5 25.Nec3 Nxc3 26.Rxc3 Red8 27.Rcd3 Rxd3 28.Rxd3 Bb4
29.g3 Qf6 30.Kg2 Qxf3+ 31.Kxf3 Kf8 32.Rd4 a5 33.a3 Be7 34.a4 Bb4 35.Rd1 Rc2
36.h4 h5 37.Rf1 Rb2 38.Kf4 Rxb3 39.e4 Rb2 40.Kg5 Re2 41.f3 Rg2 42.Kf4 f6
43.e5 Kf7 44.g4 Re2 45.exf6 Bd6+  0-1

[Event "XXVII Belgrade Trophy"]
[Site "Obrenovac SRB"]
[Date "2013.11.28"]
[Round "5.33"]
[White "Jovanovic,DD"]
[Black "Pavlovic,L"]
[Result "0-1"]
[WhiteElo "2428"]
[BlackElo "1919"]

1.Nf3 Nf6 2.c4 c5 3.Nc3 d5 4.cxd5 Nxd5 5.e3 Nc6 6.a3 Nxc3 7.bxc3 e5 8.Qc2 Be7
9.Bd3 h6 10.Be4 Qd6 11.c4 O-O 12.Bb2 Bf6 13.Rg1 g6 14.g4 Bg7 15.Bc3 Rb8 16.Rb1 Be6
17.d3 Kh8 18.Rb3 f5 19.gxf5 Bxf5 20.Bxf5 Rxf5 21.Nd2 b6 22.Ne4 Qe6 23.a4 Rh5
24.Rg2 Kh7 25.a5 Qh3 26.Rg3 Qxh2 27.axb6 axb6 28.d4 Rf5 29.d5 Nb4 30.Bxb4 cxb4
31.Rxb4 Rbf8 32.Rxb6 Rxf2 33.Nxf2 Qxg3 34.Qe2 h5 35.c5 h4 36.Rb4 e4 37.Rxe4 Bc3+
38.Kf1 h3 39.Rg4 Rxf2+ 40.Qxf2 Qxg4 41.Qf7+ Bg7 42.Qf4 Qg2+ 43.Ke1 Bc3+  0-1

[Event "TCh-CZE Extraliga 2013-14"]
[Site "Ostrava CZE"]
[Date "2013.11.30"]
[Round "3.1"]
[White "Miton,K"]
[Black "Ftacnik,L"]
[Result "1/2-1/2"]
[WhiteElo "2597"]
[BlackElo "2545"]

1.Nf3 Nf6 2.c4 c5 3.Nc3 e6 4.g3 b6 5.Bg2 Bb7 6.O-O Be7 7.d4 cxd4 8.Qxd4 d6
9.Bg5 a6 10.Bxf6 Bxf6 11.Qf4 Bxf3 12.Bxf3 Ra7 13.Rfd1 Rd7 14.Rd3 O-O 15.Rad1 Bg5
16.Qg4 Be7 17.b3 Rc7 18.Qh3  1/2-1/2

[Event "TCh-AUT 2nd West 2013-14"]
[Site "Austria AUT"]
[Date "2013.12.01"]
[Round "5.3"]
[White "Platzgummer,F"]
[Black "Dobosz,H"]
[Result "1/2-1/2"]
[WhiteElo "2311"]
[BlackElo "2368"]

1.Nf3 Nf6 2.c4 c5 3.Nc3 e6 4.g3 b6 5.Bg2 Bb7 6.O-O Be7 7.Re1 Ne4 8.Nxe4 Bxe4
9.d3 Bb7 10.e4 Nc6 11.d4 cxd4 12.Nxd4 Nxd4 13.Qxd4 O-O 14.Qd3 Qc7 15.Bf4 e5
16.Bd2 a5 17.Red1 Bc6 18.Bc3 Rae8 19.Kh1 Bc5 20.f3 Qb7 21.g4 Re6 22.b3 Ba3
23.Qd2 Ra8 24.Qe1 Qc7 25.Bf1 Qd8 26.Qg3 Qe7 27.Rd2 Re8 28.Rad1 Bc5 29.Rd3 Rd6
30.Rxd6  1/2-1/2

[Event "9th Ugra Governor's Cup"]
[Site "Khanty-Mansiysk RUS"]
[Date "2013.12.01"]
[Round "4.5"]
[White "Shariyazdanov,A"]
[Black "Ponkratov,P"]
[Result "1/2-1/2"]
[WhiteElo "2572"]
[BlackElo "2603"]

1.Nf3 Nf6 2.c4 c5 3.Nc3 e6 4.g3 Nc6 5.d4 cxd4 6.Nxd4 Qb6 7.Ndb5 Ne5 8.Bf4 Nfg4
9.Qa4 g5 10.Bxe5 Qxf2+ 11.Kd1 Nxe5 12.Nc7+ Kd8 13.Nxa8 Qd4+ 14.Kc2 Nxc4 15.Kb3 Nd2+
16.Kc2 Nc4 17.Kb3 Nd2+ 18.Kc2 Nc4  1/2-1/2

[Event "IV JAHV McGregor 2013"]
[Site "Bogota COL"]
[Date "2013.12.05"]
[Round "2.10"]
[White "Garavito,M"]
[Black "Alvarez Pedraza,A"]
[Result "1/2-1/2"]
[WhiteElo "2270"]
[BlackElo "2480"]

1.Nf3 Nf6 2.c4 c5 3.Nc3 b6 4.g3 Bb7 5.Bg2 e6 6.O-O Be7 7.d4 cxd4 8.Qxd4 Nc6
9.Qf4 O-O 10.Rd1 Qb8 11.Qxb8 Raxb8 12.Bf4 Rbc8 13.b3 Rfd8 14.Bd6 Bxd6 15.Rxd6 Kf8
16.Rad1 Ke7 17.R6d2 Nb4 18.Nd4 Bxg2 19.Kxg2 d5 20.a3 Nc6  1/2-1/2

[Event "9th Ugra Governor's Cup"]
[Site "Khanty-Mansiysk RUS"]
[Date "2013.12.05"]
[Round "8.10"]
[White "Shariyazdanov,A"]
[Black "Shinkevich,V"]
[Result "0-1"]
[WhiteElo "2572"]
[BlackElo "2468"]

1.c4 c5 2.Nf3 Nf6 3.Nc3 g6 4.e4 d6 5.d4 cxd4 6.Nxd4 Bg7 7.Be2 O-O 8.Be3 Nc6
9.O-O Bd7 10.Nc2 Rc8 11.f3 a6 12.Rc1 Ne5 13.Na3 Qa5 14.Qb3 Nc6 15.Nc2 Rb8
16.Bb6 Qg5 17.Be3 Qa5 18.a4 Be6 19.Nd5 Nd7 20.Qa3 Qd8 21.b4 a5 22.b5 Nce5
23.Rfd1 Rc8 24.Nd4 Nc5 25.f4 Ned7 26.e5 Bxd5 27.cxd5 Nb6 28.Bg4 Rc7 29.exd6 exd6
30.Nb3 Ncxa4 31.Bxb6 Nxb6 32.Nxa5 Rxc1 33.Qxc1 Nxd5 34.Nc4 Nc3 35.Re1 Qc7
36.Ne3 Re8  0-1

[Event "34th El Corte Ingles"]
[Site "Las Palmas ESP"]
[Date "2013.12.07"]
[Round "7.20"]
[White "Sanabria Taskila,Daniel Kristia"]
[Black "Santana Montjoy,J"]
[Result "0-1"]
[WhiteElo "1387"]
[BlackElo "1740"]

1.c4 c5 2.Nc3 Nf6 3.Nf3 g6 4.g3 Bg7 5.Bg2 O-O 6.O-O Nc6 7.d3 a6 8.Bf4 d6
9.Qd2 Bd7 10.Bh6 Ne8 11.Bxg7 Kxg7 12.Nh4 Nc7 13.f4 Rb8 14.f5 Nd4 15.Qf4 Nxf5
16.Nxf5+ Bxf5 17.e4 Bd7 18.g4 Ne6 19.Qg3 h6 20.h4 b5 21.b3 Nd4 22.Rf2 bxc4
23.dxc4 a5 24.e5 Be6 25.Ne4 d5 26.cxd5 Bxd5 27.Nxc5 Bxg2 28.Rxg2 Rc8 29.Ne4 Ne2+
30.Rxe2 Qd4+ 31.Kg2 Qxa1 32.g5 h5 33.Nf6 Rc1 34.Qe3 Rh1 35.Nd5 Qf1+ 36.Kg3 Rh3+  0-1

[Event "IV JAHV McGregor 2013"]
[Site "Bogota COL"]
[Date "2013.12.08"]
[Round "9.52"]
[White "Sabogal Varela,Jeison Stiven"]
[Black "Ramirez,Hei"]
[Result "1/2-1/2"]
[WhiteElo "1921"]
[BlackElo "2127"]

1.c4 Nf6 2.Nc3 c5 3.Nf3 b6 4.g3 Bb7 5.Bg2 g6 6.O-O Bg7 7.Rb1 O-O 8.a3 d5
9.d4 Nc6 10.dxc5 dxc4 11.cxb6 axb6 12.Ne5 Qc7 13.Nxc4 Rfd8 14.Nb5 Rxd1 15.Nxc7 Rxf1+
16.Kxf1 Rc8 17.Nb5 Nd7 18.Be3 Ba6 19.a4 Bxb5 20.axb5 Nd4 21.Bxd4 Bxd4 22.b3 Ne5
23.Rc1 Bb2 24.Rc2 Nxc4 25.bxc4 Ba3 26.e3 Bc5 27.Ke2 Kg7 28.h3  1/2-1/2

[Event "SportAccord Blitz Women 2013"]
[Site "Beijing CHN"]
[Date "2013.12.14"]
[Round "2.4"]
[White "Cmilyte,V"]
[Black "Zhao Xue"]
[Result "0-1"]
[WhiteElo "2514"]
[BlackElo "2568"]

1.Nf3 Nf6 2.c4 b6 3.Nc3 c5 4.d4 cxd4 5.Nxd4 Bb7 6.f3 d6 7.e4 e6 8.Be2 Nbd7
9.O-O a6 10.Be3 Be7 11.Qd2 O-O 12.Kh1 Qc7 13.Rac1 Rac8 14.Rfd1 Rfe8 15.b3 Qb8
16.Bf1 Bd8 17.Bg1 Be7 18.a4 Nc5 19.Qa2 Bf8 20.b4 Ncd7 21.a5 bxa5 22.Qxa5 h6
23.Na4 Be7 24.b5 Bd8 25.Qb4 Nc5 26.Qa3 Nxa4 27.Qxa4 axb5 28.cxb5 d5 29.Nc6 Bxc6
30.bxc6 dxe4 31.fxe4 Qf4 32.Bd3 Bc7 33.Qc2 Red8 34.Qf2 Rxd3 35.Rxd3 Qxc1
36.Qc5 Qxc5 37.Bxc5 Be5  0-1

[Event "SportAccord Blitz Women 2013"]
[Site "Beijing CHN"]
[Date "2013.12.14"]
[Round "10.8"]
[White "Gunina,V"]
[Black "Zhao Xue"]
[Result "1-0"]
[WhiteElo "2509"]
[BlackElo "2568"]

1.c4 c5 2.Nf3 Nf6 3.Nc3 g6 4.e4 Bg7 5.d4 Qa5 6.Bd3 Ng4 7.Bd2 cxd4 8.Nb5 Qd8
9.Nbxd4 Nc6 10.Bc3 Nxd4 11.Nxd4 d6 12.O-O O-O 13.Be2 Nf6 14.f3 Nd7 15.Kh1 Nc5
16.Rc1 Bd7 17.b3 a5 18.Qd2 Qb6 19.Rfd1 Rfc8 20.Qg5 Bf6 21.Qg3 a4 22.b4 Ne6
23.Nf5 Bg5 24.h4 Bf4 25.Nxe7+ Kf8 26.Nd5 Qe3 27.Nxf4 Qxf4 28.Qxf4 Nxf4 29.Bf1 Be6
30.Bd2 Nh5 31.a3 Ng3+ 32.Kg1 Nxf1 33.Kxf1 Bxc4+ 34.Kf2 Ke7 35.Bf4 Ra6 36.b5 Rb6
37.Rd4 Be6 38.Bg5+ f6 39.Rxc8 Bxc8 40.Bf4 Bd7 41.Rxa4 Rxb5 42.Rd4 Rb6 43.g4 h5
44.g5 fxg5 45.Bxg5+ Ke6 46.Bf4 Ra6 47.Kg3 b5 48.Rd5 Be8 49.Rd3 Rc6 50.Bd2 Rc8
51.Bb4 Rd8 52.Kf4 d5 53.Kg5 Rd7 54.Re3 dxe4 55.Rxe4+ Kf7 56.Rf4+ Ke6 57.Rf6+ Kd5
58.Rf8 Bf7 59.Kf6 Be6 60.Kxg6 Rc7 61.Kxh5 Rc4 62.f4 Ke4 63.Kg5 Rc2 64.Re8 Rg2+
65.Kf6  1-0

[Event "SportAccord Blitz Women 2013"]
[Site "Beijing CHN"]
[Date "2013.12.15"]
[Round "20.7"]
[White "Cmilyte,V"]
[Black "Dzagnidze,N"]
[Result "0-1"]
[WhiteElo "2514"]
[BlackElo "2557"]

1.Nf3 Nf6 2.c4 c5 3.Nc3 g6 4.g3 Bg7 5.Bg2 O-O 6.O-O d6 7.d4 cxd4 8.Nxd4 Nbd7
9.b3 Nc5 10.Bb2 a6 11.Qd2 Rb8 12.Rac1 Bd7 13.Rfd1 b5 14.cxb5 axb5 15.Nc6 Bxc6
16.Bxc6 b4 17.Na4 Nfe4 18.Qc2 Bxb2 19.Qxb2 Nxa4 20.bxa4 Nc3 21.Rd2 Qa5 22.Qb3 Rfc8
23.Bd5 Nxe2+ 24.Rxe2 Rxc1+ 25.Kg2 e6 26.Bxe6 Qc7 27.Bd5 Rc3 28.Qb2 Qc5 29.Qd2 Rc8
30.Bb3 Qc6+ 31.Bd5 Qc7 32.Qf4 Rd3 33.Bb3 Qb7+ 34.Kh3 Qd7+ 35.Kg2 d5 36.Qxb4 Rdc3
37.Re7 Qf5 38.Qd4 Qf3+ 39.Kh3 Qh5+ 40.Kg2 Qf3+ 41.Kh3 Qf5+ 42.Kg2 Qf3+ 43.Kh3 Qf5+
44.Kg2 Qf3+ 45.Kh3 Qh5+ 46.Kg2 Qf3+ 47.Kh3 Qf5+ 48.Qg4 Rf3 49.Qxf5 Rxf5 50.Rd7 Rxf2
51.Bxd5 Rcc2 52.Kg4 h5+ 53.Kh4 Kg7 54.h3 Rcd2 55.a5 Rd4+ 56.Kg5 Rf5+  0-1

[Event "20th Zadar Open A 2013"]
[Site "Zadar CRO"]
[Date "2013.12.16"]
[Round "3.3"]
[White "Indjic,A"]
[Black "Nestorovic,N"]
[Result "1/2-1/2"]
[WhiteElo "2541"]
[BlackElo "2440"]

1.Nf3 Nf6 2.c4 c5 3.Nc3 e6 4.g3 b6 5.Bg2 Bb7 6.O-O a6 7.Re1 Ne4 8.Nxe4 Bxe4
9.d3 Bb7 10.e4 Nc6 11.d4 cxd4 12.Nxd4 Be7 13.b3 O-O 14.Bb2 Rc8 15.Qg4 Ne5
16.Qe2 d6 17.Rad1 Qc7 18.f4 Nd7 19.g4 Rfe8 20.g5 Bf8 21.Qg4 b5 22.cxb5 axb5
23.Re3 g6 24.Rh3 Bg7 25.Qh4 Nf8 26.Qf2 Qb6 27.f5 exf5 28.exf5 Bxg2 29.Kxg2 gxf5
30.Rf3 Ng6 31.Nxf5 Qxf2+ 32.Rxf2 Bxb2 33.Rxb2 Rc5 34.Nxd6 Rxg5+ 35.Kf1 Ree5
36.Rf2 f5 37.Rc1 Ne7 38.Re1 Rxe1+ 39.Kxe1 b4 40.h4 Rg4 41.Nxf5 Nxf5 42.Rxf5 Rxh4  1/2-1/2

[Event "20th Zadar Open A 2013"]
[Site "Zadar CRO"]
[Date "2013.12.17"]
[Round "4.16"]
[White "Vlahov,D"]
[Black "Bilobrk,F"]
[Result "1/2-1/2"]
[WhiteElo "2254"]
[BlackElo "2390"]

1.Nf3 c5 2.c4 Nf6 3.Nc3 e6 4.g3 b6 5.Bg2 Bb7 6.O-O Be7 7.b3 O-O 8.Bb2 d6
9.d4 cxd4 10.Qxd4 a6 11.e4 Qc7 12.Rad1 Nbd7 13.Qe3 Rfe8 14.Nd4 Bf8 15.Qd2 Rad8
16.f4 g6 17.f5 Bg7 18.fxe6 fxe6 19.Qg5 Qc5 20.Qxc5 bxc5 21.Nf3 Bf8 22.Rfe1 Ng4
23.h3 Nge5 24.Nxe5 Nxe5 25.Ne2 Bg7 26.Bc1 Nc6 27.Bf4 Be5 28.Bxe5 Nxe5 29.Nf4 Nf7
30.h4 Kg7 31.Nd3 Ne5 32.Nxe5 dxe5 33.Rxd8 Rxd8 34.Re2 Rd4 35.Kf2 a5 36.a4 Bc6
37.Bf3 Kf6 38.Re1 h6 39.Ke3 g5 40.hxg5+ Kxg5 41.Rh1 Be8 42.Rh4 h5 43.Rh1 Bg6
44.Rh2 Rd8 45.Rh1 Be8 46.Rh2 Rb8 47.Bd1 Rd8 48.Bf3 Bg6 49.Rh1 Rb8 50.Bd1 Rh8
51.Rh4 Rf8 52.Bf3  1/2-1/2

[Event "Pavlodar Open 2013"]
[Site "Pavlodar KAZ"]
[Date "2013.12.18"]
[Round "9.9"]
[White "Akkozov,B"]
[Black "Temirbayev,S"]
[Result "1/2-1/2"]
[WhiteElo "2389"]
[BlackElo "2362"]

1.c4 c5 2.Nf3 Nf6 3.Nc3 e6 4.g3 b6 5.Bg2 Bb7 6.O-O Be7 7.d4 cxd4 8.Qxd4 O-O
9.Rd1 d6 10.Be3 Nbd7 11.Rac1 a6 12.h3 Rc8 13.b3 Qc7 14.Qd2 Rfd8 15.Bf4 Nf8
16.Ne1 Bxg2 17.Nxg2 Qb7 18.Qd3 N8d7 19.Qb1 Nc5 20.a4 h6 21.f3 Nh5 22.Kh2 Nxf4
23.Nxf4 Nd7 24.h4 Nf6 25.e4 Nd7 26.Nfe2 Ne5 27.Kg2 Bf6 28.Qc2 Qc7 29.Qd2 Qc5
30.Rb1 Nc6 31.Rbc1  1/2-1/2

[Event "51st Groningen Open A 2013"]
[Site "Groningen NED"]
[Date "2013.12.22"]
[Round "2.32"]
[White "Theulings,PP"]
[Black "Mostertman,M"]
[Result "0-1"]
[WhiteElo "2130"]
[BlackElo "2304"]

1.Nf3 Nf6 2.c4 e6 3.Nc3 c5 4.d4 cxd4 5.Nxd4 Bb4 6.Bf4 O-O 7.Nb5 d5 8.e3 Nc6
9.a3 Bxc3+ 10.Nxc3 e5 11.Bg5 d4 12.Nd5 Qd6 13.Nxf6+ gxf6 14.Bh4 f5 15.Be2 Qh6
16.Bh5 dxe3 17.O-O Be6 18.fxe3 Qxe3+ 19.Kh1 Qh6 20.Rc1 Nd4 21.Rc3 f6 22.b3 Rad8
23.Rh3 Nc6 24.Qf3 e4 25.Qg3+ Kh8 26.Qc3 f4 27.g4 f3 28.g5 Qxh5 29.gxf6 Rf7  0-1

[Event "Chinese Teams 2013"]
[Site "Tianjin CHN"]
[Date "2013.12.22"]
[Round "20.6"]
[White "Wu Wenjin"]
[Black "Gao Rui"]
[Result "0-1"]
[WhiteElo "2355"]
[BlackElo "2462"]

1.Nf3 Nf6 2.c4 c5 3.Nc3 b6 4.d4 cxd4 5.Nxd4 Bb7 6.f3 e6 7.e4 d6 8.Be3 a6
9.Be2 Nbd7 10.O-O Be7 11.Rc1 O-O 12.Rf2 Rc8 13.b3 Re8 14.Bf1 d5 15.cxd5 exd5
16.Nxd5 Bxd5 17.Rxc8 Qxc8 18.exd5 Bc5 19.Re2 Nxd5 20.Bf2 Ne5 21.Qd2 h6 22.a3 a5
23.Qe1 f6 24.Re4 Bxa3 25.Bc4 Rd8 26.Rxe5 fxe5 27.Qxe5 Kh8 28.Ne6 Bb2 29.Qe2 Rd6
30.Nd4 Bxd4 31.Bxd4 Nf6 32.Qe3 Qd8 33.Bc3 b5  0-1

[Event "Al-Ain Classic Open A 2013"]
[Site "Al-Ain UAE"]
[Date "2013.12.24"]
[Round "6.46"]
[White "Mukhin,Alexe1"]
[Black "Alahakoon,I"]
[Result "1-0"]
[WhiteElo "2188"]
[BlackElo "2067"]

1.c4 c5 2.Nf3 Nf6 3.Nc3 e6 4.d4 cxd4 5.Nxd4 Qc7 6.e4 a6 7.a3 b6 8.Be2 Bb7
9.f3 d6 10.O-O Nbd7 11.Be3 Be7 12.Rc1 O-O 13.Kh1 Rfe8 14.Qd2 Rac8 15.Rfd1 Qb8
16.b4 Bd8 17.Nb3 Bc7 18.Bf4 Ne5 19.Bxe5 dxe5 20.c5 b5 21.Qe3 Nh5 22.g3 f5
23.Qg5 Nf6 24.Nd2 Qa8 25.exf5 e4 26.Ndxe4 Bxe4 27.Nxe4 Nxe4 28.fxe4 Qxe4+
29.Kg1 Be5 30.Qd2 Bf6 31.Qd3 exf5 32.Bf3 Qe5 33.Qd5+ Qxd5 34.Bxd5+ Kf8 35.Bb7 Rc7
36.Bxa6 Rb8 37.c6 Bb2 38.Rc5 Bxa3 39.Rxf5+ Ke7 40.Bb7 Bxb4 41.Re5+ Kf6 42.Rxb5 Bc3
43.Rbd5 Be5 44.Re1 Re8 45.Rf1+ Kg6 46.Rfd1 Ree7 47.Kg2 Kf6 48.Re1 g5 49.Kf3 h5
50.Re4 g4+ 51.Ke3 Re6 52.Kd3 Re8 53.Kc4 Rg7 54.Re2 Rge7 55.Kb5 Rc7 56.Rf2+ Kg7
57.Re2 Kf6 58.Kb6 Rce7 59.Rdxe5 Rxe5 60.Rxe5 Kxe5 61.c7 Kd4 62.Kc6 Ke3 63.c8=Q Rxc8+
64.Bxc8 Kf2 65.Kd5 Kg2 66.Ke4 Kxh2 67.Kf4 Kh3 68.Bd7 Kh2 69.Bxg4  1-0

[Event "6th Marseille Open 2013"]
[Site "Marseille FRA"]
[Date "2013.12.26"]
[Round "1.1"]
[White "Vovk,Y"]
[Black "Colandrea,S"]
[Result "1-0"]
[WhiteElo "2594"]
[BlackElo "1762"]

1.Nf3 Nf6 2.c4 c5 3.Nc3 e6 4.e4 Nc6 5.d4 cxd4 6.Nxd4 Bb4 7.Nxc6 bxc6 8.Bd3 O-O
9.e5 Ne8 10.O-O f5 11.exf6 Nxf6 12.Bd2 d5 13.Nxd5 Bd6 14.Nxf6+ Qxf6 15.Bc3 Qh6
16.Bxh7+ Qxh7 17.Qxd6 Qe4 18.Rad1  1-0